[Event "Titled Tue 27th May Early"]
[Site "chess.com INT"]
[Date "2025.05.27"]
[Round "4"]
[White "Hobson, Kenneth"]
[Black "Carrasco Miranda, Andres"]
[Result "0-1"]
[WhiteTitle "FM"]
[BlackTitle "CM"]
[WhiteElo "2355"]
[BlackElo "2211"]
[WhiteFideId "480819"]
[BlackFideId "3405990"]
[EventDate "2025.05.27"]

1. e4 e5 2. Nf3 Nc6 3. Nc3 Nf6 4. Bb5 Nd4 5. Bc4 Bc5 6. d3 d6 7. h3 O-O 8. Nxd4
Bxd4 9. Ne2 Bb6 10. a4 a5 11. O-O Nh5 12. Kh1 Qh4 13. Ng1 Bxf2 14. Rxf2 Qxf2 15.
Qxh5 Be6 16. Bxe6 fxe6 17. Qg4 Rf6 18. Bg5 Rg6 19. h4 h6 20. Qh5 Kh7 21. Nf3 Rf8
22. Rg1 Qxc2 23. Bc1 Rgf6 24. Bg5 R6f7 25. Be3 Kg8 26. Bxh6 gxh6 27. Qg6+ Rg7
28. Qxe6+ Rff7 29. Qe8+ Kh7 30. Qe6 Qxd3 31. Re1 Rxf3 0-1

[Event "Titled Tue 27th May Early"]
[Site "chess.com INT"]
[Date "2025.05.27"]
[Round "4"]
[White "Gonzalez Vega, Alejandro"]
[Black "Dogan, Umut Anil"]
[Result "0-1"]
[WhiteTitle "FM"]
[BlackTitle "CM"]
[WhiteElo "2092"]
[BlackElo "2123"]
[WhiteFideId "3510042"]
[BlackFideId "51618060"]
[EventDate "2025.05.27"]

1. d4 d5 2. c4 Nc6 3. e3 e5 4. cxd5 Qxd5 5. Nc3 Bb4 6. Bd2 Bxc3 7. bxc3 Nf6 8.
c4 Qd8 9. d5 Ne7 10. Nf3 e4 11. Nd4 O-O 12. Be2 Bd7 13. Rb1 b6 14. O-O Ng6 15.
Bc3 Re8 16. Re1 Nh4 17. Bf1 h6 18. Ne2 Ng4 19. Ng3 Qg5 20. Qd4 Nf6 21. Rbd1 h5
22. c5 Ng6 23. c6 Bg4 24. Rd2 h4 25. Ne2 Bf3 26. Nf4 Ne5 27. Nh3 Qg4 28. Kh1
Qxh3 29. gxf3 Qxf3+ 30. Bg2 Qf5 31. Rg1 h3 0-1

[Event "Titled Tue 27th May Early"]
[Site "chess.com INT"]
[Date "2025.05.27"]
[Round "4"]
[White "Gustafsson, Jan"]
[Black "Samunenkov, Ihor"]
[Result "0-1"]
[WhiteTitle "GM"]
[BlackTitle "GM"]
[WhiteElo "2591"]
[BlackElo "2572"]
[WhiteFideId "4625498"]
[BlackFideId "14187086"]
[EventDate "2025.05.27"]

1. Nf3 c5 2. c4 Nc6 3. b3 e5 4. Bb2 d6 5. g3 g6 6. Bg2 Bg7 7. O-O Nge7 8. d3 O-O
9. Nc3 h6 10. a3 a5 11. Nd2 Be6 12. Nd5 Rb8 13. e3 b5 14. Qc2 Qd7 15. Bc3 Kh8
16. Rfe1 Rfc8 17. Nxe7 Qxe7 18. f4 Qd7 19. Bb2 d5 20. cxd5 Bxd5 21. Ne4 Qd8 22.
Rac1 a4 23. bxa4 bxa4 24. Nxc5 Na5 25. Bxe5 Bxe5 26. fxe5 Nb3 27. d4 Nxc1 28.
Rxc1 Rb3 29. Qf2 Rxa3 30. Rf1 Ra2 0-1

[Event "Titled Tue 27th May Early"]
[Site "chess.com INT"]
[Date "2025.05.27"]
[Round "4"]
[White "Zgadzaj, Rafal"]
[Black "Gavarrete, Nahun"]
[Result "1-0"]
[WhiteTitle "CM"]
[BlackTitle "FM"]
[WhiteElo "1988"]
[BlackElo "2281"]
[WhiteFideId "1113712"]
[BlackFideId "8400709"]
[EventDate "2025.05.27"]

1. e4 e5 2. Nf3 Nc6 3. Bc4 Nf6 4. Nc3 Nxe4 5. Bxf7+ Kxf7 6. Nxe4 d5 7. Neg5+ Kg8
8. d3 h6 9. Nh3 Bd6 10. Be3 Be6 11. Qe2 d4 12. Bd2 Qd7 13. O-O-O Bxa2 14. Nh4
Bf7 15. Qe4 g5 16. Ng6 Bxg6 17. Qxg6+ Qg7 18. Qe4 Rf8 19. f3 a5 20. Nf2 a4 21.
h4 Kf7 22. hxg5 hxg5 23. Nh3 Be7 24. Rde1 a3 25. b3 Ra8 26. Kb1 Bf6 27. Qd5+ Ke7
28. f4 g4 29. fxe5 Bxe5 30. Bf4 gxh3 31. Bxe5 Nxe5 32. Rxe5+ Kf8 33. Rf1+ 1-0

[Event "Titled Tue 27th May Early"]
[Site "chess.com INT"]
[Date "2025.05.27"]
[Round "4"]
[White "Martinez Fernandez, Adrian"]
[Black "Harsh, Suresh"]
[Result "0-1"]
[WhiteTitle "IM"]
[BlackTitle "IM"]
[WhiteElo "2404"]
[BlackElo "2392"]
[WhiteFideId "32049048"]
[BlackFideId "45018464"]
[EventDate "2025.05.27"]

1. e4 d5 2. Nc3 d4 3. Nce2 c5 4. Ng3 Nc6 5. Bc4 e6 6. a3 Bd6 7. d3 Nge7 8. f4
Ng6 9. N1e2 f5 10. e5 Be7 11. Ng1 O-O 12. Nf3 Nh4 13. Nxh4 Bxh4 14. Qh5 g6 15.
Qf3 Bd7 16. O-O Kg7 17. Bd2 Rb8 18. a4 Ne7 19. Qe2 Nd5 20. Bxd5 exd5 21. b4 b6
22. b5 a6 23. bxa6 Ra8 24. c3 dxc3 25. Bxc3 d4 26. Bd2 Rxa6 27. a5 bxa5 28. e6
Rxe6 29. Qf3 Bc6 30. Qf2 a4 31. Rfc1 Qd5 32. Ba5 Rfe8 33. Bc7 Bxg3 34. Qxg3 Re3
35. Qg5 h6 36. Be5+ R8xe5 37. fxe5 hxg5 0-1

[Event "Titled Tue 27th May Early"]
[Site "chess.com INT"]
[Date "2025.05.27"]
[Round "4"]
[White "Andreikin, Dmitry"]
[Black "Arslanov, Shamil"]
[Result "1-0"]
[WhiteTitle "GM"]
[BlackTitle "IM"]
[WhiteElo "2695"]
[BlackElo "2410"]
[WhiteFideId "4158814"]
[BlackFideId "4192826"]
[EventDate "2025.05.27"]

1. d4 d6 2. Nf3 Nf6 3. Bg5 Nbd7 4. Nc3 c6 5. e4 Qb6 6. a3 e5 7. Bc4 Be7 8. O-O
O-O 9. d5 cxd5 10. Nxd5 Nxd5 11. Bxd5 Bxg5 12. Nxg5 Nf6 13. b3 h6 14. Nf3 Be6
15. Bxe6 fxe6 16. Qd3 Rad8 17. c4 d5 18. Nxe5 Nxe4 19. Qe2 Qxb3 20. Rab1 Qc3 21.
Ng6 Rf6 22. Ne7+ Kh7 23. cxd5 exd5 24. Nxd5 Rxd5 25. Qxe4+ Rff5 26. Rxb7 Re5 27.
Qb1 Qd4 28. Rb4 Qd7 29. g4 1-0

[Event "Titled Tue 27th May Early"]
[Site "chess.com INT"]
[Date "2025.05.27"]
[Round "4"]
[White "Kawka, Milena"]
[Black "Provaznik, Michal"]
[Result "1-0"]
[WhiteTitle "WCM"]
[BlackTitle "CM"]
[WhiteElo "2004"]
[BlackElo "2050"]
[WhiteFideId "21095167"]
[BlackFideId "315273"]
[EventDate "2025.05.27"]

1. e4 c5 2. Nf3 Nc6 3. Bb5 g6 4. O-O Bg7 5. c3 e5 6. d4 cxd4 7. cxd4 Nxd4 8.
Nxd4 exd4 9. Bf4 Ne7 10. Na3 O-O 11. Bd6 Re8 12. Qf3 Nc6 13. Qd3 Qf6 14. Bg3 Ne5
15. Qd2 a6 16. Be2 b5 17. f4 Nc4 18. Nxc4 bxc4 19. Bxc4 Rxe4 20. Bd5 Qe7 21.
Bxa8 Re2 22. Rae1 d3 23. Qxd3 Qc5+ 24. Bf2 Rxf2 25. Re8+ Bf8 26. Rxf2 d6 27. Qc3
Bd7 28. Qxc5 dxc5 29. Rd8 Be6 30. Bd5 Bf5 31. Re2 Kg7 32. Ree8 1-0

[Event "Titled Tue 27th May Early"]
[Site "chess.com INT"]
[Date "2025.05.27"]
[Round "4"]
[White "Daulet, Alikhan"]
[Black "Chiappero, Julio Alfredo"]
[Result "1-0"]
[WhiteTitle "CM"]
[BlackTitle "FM"]
[WhiteElo "2100"]
[BlackElo "2238"]
[WhiteFideId "13741632"]
[BlackFideId "139998"]
[EventDate "2025.05.27"]

1. d4 Nf6 2. c4 e6 3. Nc3 d5 4. cxd5 exd5 5. Bg5 Bb4 6. e3 h6 7. Bh4 g5 8. Bg3
Ne4 9. Ne2 h5 10. h4 Bg4 11. f3 Nxg3 12. Nxg3 Be6 13. Qa4+ Nc6 14. Bb5 Bxc3+ 15.
bxc3 Bd7 16. c4 a6 17. Bxc6 Bxc6 18. Qb3 gxh4 19. Nf5 dxc4 20. Qxc4 Qg5 21. Qc5
Qf6 22. Rb1 b6 23. Qe5+ Qxe5 24. dxe5 O-O-O 25. Rxh4 Kb7 26. Nd4 Bd5 27. a4 Rhg8
28. Kf2 c5 29. Nf5 Be6 30. Nd6+ Kc6 31. Rxh5 Rb8 32. Rhh1 b5 33. axb5+ axb5 34.
Rhc1 c4 35. Ra1 Kc5 36. Ne4+ Kc6 37. Ra6+ Kb7 38. Nc5+ Kc7 39. Nxe6+ fxe6 40.
Rxe6 Rgd8 41. Ke2 Ra8 42. Rc2 Ra1 43. g4 Rdd1 44. f4 Rg1 45. Kf3 Raf1+ 46. Ke4
Rxg4 47. Kd5 Rd1+ 48. Kc5 Rb1 49. Rc6+ Kd7 50. Rb6 Rg3 51. Rxb5 Rxb5+ 52. Kxb5
Rxe3 53. Rxc4 Ke6 54. Kc6 Rd3 55. Kc5 Kf5 56. Rd4 Ra3 57. Kd6 Ra6+ 58. Ke7 Ra7+
59. Rd7 Ra8 60. e6 Kxf4 61. Kf7 Rh8 62. e7 1-0

[Event "Titled Tue 27th May Early"]
[Site "chess.com INT"]
[Date "2025.05.27"]
[Round "4"]
[White "Kosteniuk, Alexandra"]
[Black "Kurchenko, Egor"]
[Result "1-0"]
[WhiteTitle "GM"]
[BlackTitle "FM"]
[WhiteElo "2479"]
[BlackElo "2130"]
[WhiteFideId "4128125"]
[BlackFideId "54157749"]
[EventDate "2025.05.27"]

1. e4 e5 2. Nf3 Nc6 3. Bb5 a6 4. Ba4 d6 5. d4 Bd7 6. d5 Nce7 7. c4 g6 8. Nc3 Bg7
9. h4 Nf6 10. Bg5 Bxa4 11. Qxa4+ Qd7 12. Qc2 Qg4 13. Rg1 O-O 14. Nh2 Qd7 15. g4
c6 16. h5 b5 17. Bxf6 Bxf6 18. g5 Bh8 19. Ng4 Bg7 20. Nf6+ Bxf6 21. gxf6 Nc8 22.
Qd2 Kh8 23. Qh6 Rg8 24. hxg6 fxg6 25. dxc6 Qf7 26. Nd5 bxc4 27. O-O-O c3 28.
bxc3 Rb8 29. Rh1 g5 30. Rdg1 Qg6 31. Qxg6 Rxg6 32. f7 Na7 33. c7 Rf8 34. Ne7 Rg7
35. Rh5 Rgxf7 36. Ng6+ Kg7 37. Nxf8 Kxf8 38. Rhxg5 1-0

[Event "Titled Tue 27th May Early"]
[Site "chess.com INT"]
[Date "2025.05.27"]
[Round "4"]
[White "Tsydypov, Zhamsaran"]
[Black "Zhakshylykov, Erzhan"]
[Result "1-0"]
[WhiteTitle "GM"]
[BlackTitle "IM"]
[WhiteElo "2514"]
[BlackElo "2362"]
[WhiteFideId "4108566"]
[BlackFideId "13804111"]
[EventDate "2025.05.27"]

1. e4 e5 2. Nf3 Nc6 3. Bc4 Bc5 4. d3 Nf6 5. c3 d6 6. Bg5 h6 7. Bh4 a6 8. a4 Ba7
9. Nbd2 Ne7 10. d4 Ng6 11. Bg3 exd4 12. cxd4 O-O 13. O-O Nxe4 14. Nxe4 d5 15.
Bd3 dxe4 16. Bxe4 c6 17. Qb3 Qf6 18. Ne5 Ne7 19. Rad1 Rd8 20. Bh4 g5 21. Bg3
Rxd4 22. Rxd4 Bxd4 23. Nf3 Ba7 24. Rd1 Nd5 25. Bxd5 cxd5 26. Qxd5 Bg4 27. Qxb7
Rd8 28. Rxd8+ Qxd8 29. h3 Bxf3 30. gxf3 Qd4 31. Qxa6 h5 32. Qc8+ Kg7 33. Qc3
Qxc3 34. bxc3 Kf6 35. f4 g4 36. hxg4 hxg4 37. Kg2 Kf5 38. f3 gxf3+ 39. Kxf3 Ke6
40. a5 Kd5 41. Bf2 1-0

[Event "Titled Tue 27th May Early"]
[Site "chess.com INT"]
[Date "2025.05.27"]
[Round "4"]
[White "Shevkunov, Vladyslav"]
[Black "Aslanov, Umid"]
[Result "0-1"]
[BlackTitle "FM"]
[WhiteElo "2073"]
[BlackElo "2324"]
[WhiteFideId "30953448"]
[BlackFideId "13412620"]
[EventDate "2025.05.27"]

1. e4 c5 2. Nf3 d6 3. Bb5+ Bd7 4. Bxd7+ Qxd7 5. c4 e5 6. O-O Ne7 7. Nc3 g6 8.
Rb1 Nbc6 9. a3 Bg7 10. b4 b6 11. d3 O-O 12. Nd5 Nxd5 13. cxd5 Nd4 14. Nxd4 cxd4
15. f4 f5 16. fxe5 dxe5 17. Qb3 Kh8 18. Bd2 f4 19. b5 g5 20. Rbc1 g4 21. Rc6 Qf7
22. Qc4 Qh5 23. Be1 f3 24. Qc2 Bh6 25. Bg3 Be3+ 26. Kh1 fxg2+ 27. Qxg2 Rf3 28.
Rc7 Raf8 29. Rxf3 gxf3 30. Qh3 Qxh3 31. Bxe5+ Rf6 32. Bxf6+ Kg8 33. Rg7+ Kf8 0-1

[Event "Titled Tue 27th May Early"]
[Site "chess.com INT"]
[Date "2025.05.27"]
[Round "4"]
[White "Yushko, Olga"]
[Black "Meduri, Aakaash"]
[Result "0-1"]
[WhiteTitle "WFM"]
[WhiteElo "2036"]
[BlackElo "2049"]
[WhiteFideId "14114500"]
[BlackFideId "2032252"]
[EventDate "2025.05.27"]

1. d4 d5 2. c4 c6 3. cxd5 cxd5 4. Nc3 Nf6 5. Bf4 a6 6. e3 Nc6 7. Bd3 Bg4 8. Qb3
Na5 9. Qa4+ b5 10. Bxb5+ axb5 11. Nxb5 Bd7 12. Bc7 Nc4 13. Bxd8 Rxa4 14. b3 Bxb5
15. bxa4 Bxa4 16. Bc7 e6 17. Rb1 Kd7 18. Bg3 Ne4 19. Ne2 Bd6 20. Bxd6 Kxd6 21.
f3 Nf6 22. Kf2 Ra8 23. Nc3 Bc6 24. Rb3 Nd7 25. Rhb1 f6 26. e4 Nd2 27. R1b2 Nxb3
28. axb3 Rb8 29. b4 Nb6 30. b5 Nc4 31. Rb4 Bd7 32. Ke2 Na3 33. b6 Nc4 34. b7 Bc6
35. Rb6 Nxb6 0-1

[Event "Titled Tue 27th May Early"]
[Site "chess.com INT"]
[Date "2025.05.27"]
[Round "4"]
[White "Sheehan, Ethan"]
[Black "Le, Quang Liem"]
[Result "0-1"]
[BlackTitle "GM"]
[WhiteElo "2380"]
[BlackElo "2729"]
[WhiteFideId "30943965"]
[BlackFideId "12401137"]
[EventDate "2025.05.27"]

1. d4 Nf6 2. Nf3 e6 3. Bf4 b6 4. Nbd2 Bb7 5. e3 Be7 6. Bd3 Nh5 7. O-O d6 8. Bg3
Nd7 9. c3 O-O 10. Qe2 a6 11. Be4 Bxe4 12. Nxe4 f5 13. Ned2 Bf6 14. h3 Nxg3 15.
fxg3 d5 16. g4 Qe7 17. Qd3 g6 18. c4 c6 19. Rac1 Qd6 20. Rc2 fxg4 21. hxg4 Qg3
22. cxd5 cxd5 23. Nh2 Bg5 24. Ndf3 Bh6 25. Rc6 Rae8 26. Rf2 Rf7 27. Rc3 a5 28.
e4 dxe4 29. Qxe4 Nf6 30. Qc6 Rff8 31. Re2 Nd5 32. Rxe6 Nf4 33. Ng5 Rxe6 34. Nxe6
Ne2+ 0-1

[Event "Titled Tue 27th May Early"]
[Site "chess.com INT"]
[Date "2025.05.27"]
[Round "4"]
[White "Christodoulaki, Antonia"]
[Black "Fisabilillah, Ummi"]
[Result "0-1"]
[WhiteTitle "WFM"]
[BlackTitle "WIM"]
[WhiteElo "2111"]
[BlackElo "2115"]
[WhiteFideId "4214935"]
[BlackFideId "7104804"]
[EventDate "2025.05.27"]

1. d4 d6 2. e3 Nf6 3. Nf3 Bg4 4. Be2 Nbd7 5. Nbd2 e5 6. h3 Bh5 7. dxe5 dxe5 8.
e4 Bc5 9. O-O O-O 10. c3 a5 11. Qc2 Re8 12. a4 Nf8 13. Nc4 N6d7 14. Bg5 f6 15.
Bh4 b6 16. Rfd1 Qe7 17. Rab1 Bf7 18. Rd2 Ng6 19. Bg3 Ndf8 20. Rbd1 Rad8 21. Ne1
Rxd2 22. Qxd2 Ne6 23. Ne3 Rd8 24. Nd5 Qf8 25. b4 axb4 26. cxb4 Bd4 27. Qc2 c5
28. b5 Qd6 29. Bc4 h5 30. Bh2 Nh4 31. g3 Ng6 32. Kg2 h4 33. Nf3 hxg3 34. fxg3
Nef8 35. Bg1 Be6 36. Bxd4 exd4 37. Qd3 Rb8 38. g4 Bxd5 39. Bxd5+ Kh8 40. h4 Nf4+ 0-1

[Event "Titled Tue 27th May Early"]
[Site "chess.com INT"]
[Date "2025.05.27"]
[Round "4"]
[White "Kravtsiv, Martyn"]
[Black "Aakash, G"]
[Result "1-0"]
[WhiteTitle "GM"]
[BlackTitle "FM"]
[WhiteElo "2598"]
[BlackElo "2114"]
[WhiteFideId "14113147"]
[BlackFideId "25644394"]
[EventDate "2025.05.27"]

1. e4 e6 2. d4 d5 3. exd5 exd5 4. Nf3 Nf6 5. Bd3 c5 6. c3 c4 7. Bc2 Nc6 8. O-O
Be7 9. h3 O-O 10. Ne5 Qc7 11. Bf4 Bd6 12. Re1 Be6 13. Nd2 Rfe8 14. Bg3 Bxe5 15.
dxe5 Nd7 16. Nf3 h6 17. Qd2 Rad8 18. Rad1 Nc5 19. Qe3 Ne4 20. Bxe4 dxe4 21. Qxe4
Qb6 22. Qe2 Bf5 23. Qxc4 Qxb2 24. Nd4 Nxd4 25. cxd4 Rc8 26. Qd5 Be6 27. Qe4 Bxa2
28. d5 Rc4 29. Qe3 Rc3 30. Qxa7 Bb3 31. Rb1 Qd2 32. d6 b5 33. Qa5 Qd3 34. d7 Rf8
35. Kh2 Be6 36. Rbd1 1-0

[Event "Titled Tue 27th May Early"]
[Site "chess.com INT"]
[Date "2025.05.27"]
[Round "4"]
[White "Iljin, Timofey"]
[Black "Khodabandeh, Milad"]
[Result "1-0"]
[WhiteTitle "IM"]
[BlackTitle "CM"]
[WhiteElo "2242"]
[BlackElo "1957"]
[WhiteFideId "14110180"]
[BlackFideId "12538620"]
[EventDate "2025.05.27"]

1. e4 e5 2. d4 exd4 3. f4 d5 4. e5 c5 5. Nf3 Nc6 6. c3 Bg4 7. Be2 f6 8. O-O fxe5
9. fxe5 Bxf3 10. Bxf3 g6 11. cxd4 Nxd4 12. Nc3 Ne7 13. Bg5 Bg7 14. Nxd5 Nxf3+
15. Rxf3 Qxd5 16. Rd3 Qxe5 17. Qa4+ Kf8 18. Bxe7+ Qxe7 19. Rf1+ Bf6 20. Rd7 Qe3+
21. Kh1 Qd4 22. Rxd4 cxd4 23. Rxf6+ Kg7 24. Qxd4 Kh6 25. Qf4+ Kg7 26. Rf7+ Kg8
27. Qf6 1-0

[Event "Titled Tue 27th May Early"]
[Site "chess.com INT"]
[Date "2025.05.27"]
[Round "4"]
[White "Suleymanli, Suleyman"]
[Black "Radchenko, Alexey"]
[Result "1-0"]
[WhiteTitle "FM"]
[BlackTitle "FM"]
[WhiteElo "2322"]
[BlackElo "2293"]
[WhiteFideId "13416375"]
[BlackFideId "4192362"]
[EventDate "2025.05.27"]

1. Nf3 d5 2. g3 c6 3. Bg2 Nf6 4. O-O g6 5. d4 Bg7 6. c4 O-O 7. cxd5 cxd5 8. Nc3
Nc6 9. Ne5 Nxe5 10. dxe5 Nd7 11. Nxd5 Nxe5 12. Bg5 f6 13. Be3 Kh8 14. Bc5 Nc6
15. Nxe7 Nxe7 16. Qxd8 Rxd8 17. Bxe7 Re8 18. Ba3 Rxe2 19. Rfe1 Bg4 20. h3 Rxe1+
21. Rxe1 Bd7 22. Re7 Bc6 23. Bxc6 bxc6 24. Rc7 f5 25. Rxc6 Rb8 26. Bd6 Re8 27.
b3 Bd4 28. Rc4 Bb6 29. a4 Re2 30. Bc5 Bxc5 31. Rxc5 Rb2 32. Rb5 Kg7 33. b4 h5
34. Rb7+ Kf6 35. b5 h4 36. gxh4 Ke5 37. Rxa7 Kf4 38. Re7 Rb4 39. Re6 Rxa4 40.
Rxg6 Kf3 41. Rg3+ Ke2 42. h5 f4 43. Rb3 Ra8 44. Rb2+ Kf3 45. b6 Rg8+ 46. Kh2 Rc8
47. b7 Rb8 48. h6 1-0

[Event "Titled Tue 27th May Early"]
[Site "chess.com INT"]
[Date "2025.05.27"]
[Round "4"]
[White "Przybylski, Bartosz"]
[Black "Karas, Eugenia"]
[Result "0-1"]
[WhiteTitle "CM"]
[BlackTitle "WFM"]
[WhiteElo "2107"]
[BlackElo "2124"]
[WhiteFideId "21878323"]
[BlackFideId "463485"]
[EventDate "2025.05.27"]

1. d4 Nf6 2. Nf3 b6 3. Bf4 Bb7 4. e3 e6 5. h3 Be7 6. Bd3 d5 7. Nbd2 O-O 8. c3
Nbd7 9. Qe2 c5 10. O-O Ne4 11. Bh2 f5 12. Ne5 Nxe5 13. Bxe5 Nxd2 14. Qxd2 c4 15.
Bc2 b5 16. f4 a5 17. Rf3 b4 18. Rg3 Bf6 19. Rf1 Ba6 20. Bd1 bxc3 21. bxc3 Bxe5
22. fxe5 Rb8 23. Qf2 Rb7 24. Qf4 Bb5 25. a4 Bc6 26. h4 Qd7 27. h5 Bxa4 28. h6 g6
29. Bh5 Kh8 30. Bxg6 hxg6 31. Rxg6 Rg8 32. Rxg8+ Kxg8 33. Qg5+ Kh7 34. Rf3 Bd1
35. Rg3 Bg4 36. e4 dxe4 37. d5 exd5 38. e6 Qxe6 39. Qd8 Rb1+ 40. Kf2 Qb6+ 0-1

[Event "Titled Tue 27th May Early"]
[Site "chess.com INT"]
[Date "2025.05.27"]
[Round "4"]
[White "Jaskolka, Tomasz"]
[Black "Vyom Malhotra"]
[Result "1-0"]
[WhiteTitle "CM"]
[BlackTitle "CM"]
[WhiteElo "2200"]
[BlackElo "1975"]
[WhiteFideId "1170791"]
[BlackFideId "33383561"]
[EventDate "2025.05.27"]

1. d4 Nf6 2. Bf4 d6 3. Nc3 g6 4. e4 Bg7 5. Qd2 Nbd7 6. O-O-O c5 7. dxc5 Nxc5 8.
e5 Nh5 9. Be3 Nd7 10. g4 Nxe5 11. gxh5 Bg4 12. Bb5+ Nc6 13. h6 Bf6 14. f3 Bf5
15. Bd4 e5 16. Be3 O-O 17. Bxc6 bxc6 18. Qxd6 Bg5 19. Qxe5 Bxe3+ 20. Qxe3 Qh4
21. Nge2 Rfe8 22. Qf4 Qh3 23. Ng3 Be6 24. Nce4 Red8 25. Rxd8+ Rxd8 26. Rd1 Rxd1+
27. Kxd1 1-0

[Event "Titled Tue 27th May Early"]
[Site "chess.com INT"]
[Date "2025.05.27"]
[Round "4"]
[White "Pavlidou, Ekaterini"]
[Black "Do Carmo, Gabriel Carckeno"]
[Result "1-0"]
[WhiteTitle "WIM"]
[WhiteElo "2198"]
[BlackElo "2021"]
[WhiteFideId "4213262"]
[BlackFideId "22783024"]
[EventDate "2025.05.27"]

1. d4 d5 2. c4 e6 3. Nc3 a6 4. cxd5 exd5 5. Bf4 Nf6 6. e3 h6 7. Bd3 Bd6 8. Nge2
Nc6 9. a3 O-O 10. O-O Ne7 11. Qc2 Bxf4 12. exf4 g6 13. Ng3 h5 14. Rae1 h4 15.
Nh1 Bf5 16. Re5 Bxd3 17. Qxd3 Nf5 18. Rxf5 gxf5 19. Qxf5 Re8 20. f3 Nh7 21. Nf2
Qf6 22. Qg4+ Kh8 23. Nxd5 Qxd4 24. Nxc7 Rg8 25. Qf5 Rac8 26. Nd5 Rc5 27. Rd1
Qxb2 28. Ng4 Qc2 29. Qe5+ f6 30. Qd4 Rd8 31. Ngxf6 Nxf6 32. Qxf6+ Kh7 33. Qe7+
Kg6 34. Qe6+ Kh7 35. Nf6+ Kg7 36. Qe7+ Kh6 37. Qxd8 1-0

[Event "Titled Tue 27th May Early"]
[Site "chess.com INT"]
[Date "2025.05.27"]
[Round "4"]
[White "Sai, Han Thiha"]
[Black "Modric, Nesa"]
[Result "1-0"]
[WhiteTitle "FM"]
[BlackTitle "CM"]
[WhiteElo "2121"]
[BlackElo "2088"]
[WhiteFideId "13012290"]
[BlackFideId "922579"]
[EventDate "2025.05.27"]

1. Nf3 d5 2. g3 Nf6 3. Bg2 g6 4. O-O Bg7 5. b3 O-O 6. Bb2 c6 7. c4 Nbd7 8. d4
Ne4 9. Nc3 Nxc3 10. Bxc3 Nf6 11. e3 Bg4 12. h3 Ne4 13. Bb2 Bxf3 14. Bxf3 Qd7 15.
Bg2 h5 16. Rc1 Ng5 17. Kh2 Rac8 18. Qe2 Ne4 19. Rc2 e6 20. b4 a6 21. a4 f5 22.
Rfc1 Qe7 23. b5 axb5 24. axb5 h4 25. cxd5 hxg3+ 26. fxg3 exd5 27. bxc6 bxc6 28.
Rxc6 Rxc6 29. Rxc6 Rb8 30. Rxg6 Nf6 31. Bc1 Kf7 32. Rg5 Qe6 33. Qc2 Rc8 34. Qb1
Bh6 35. Qb7+ Kf8 36. Rg6 Bg7 37. Qxg7+ 1-0

[Event "Titled Tue 27th May Early"]
[Site "chess.com INT"]
[Date "2025.05.27"]
[Round "4"]
[White "Essing, Arnold"]
[Black "Goncharov, Vladimir"]
[Result "1/2-1/2"]
[WhiteTitle "FM"]
[WhiteElo "2211"]
[BlackElo "2077"]
[WhiteFideId "4619862"]
[BlackFideId "34162256"]
[EventDate "2025.05.27"]

1. d4 Nf6 2. Nf3 e6 3. c4 c5 4. d5 exd5 5. cxd5 d6 6. Nc3 g6 7. e4 Bg7 8. Be2
O-O 9. Bg5 Re8 10. Nd2 h6 11. Bh4 Nbd7 12. O-O a6 13. a4 Rb8 14. f4 b5 15. axb5
axb5 16. Nxb5 Nb6 17. Na7 Bd7 18. Bf3 g5 19. fxg5 Nh7 20. gxh6 Bd4+ 21. Bf2 Bxb2
22. Rb1 Be5 23. Nc6 Bxc6 24. dxc6 Qc7 25. Be2 Re6 26. Nc4 Rxh6 27. Nxe5 dxe5 28.
Bxc5 Rxc6 29. Bxb6 Rcxb6 30. Rxb6 Qxb6+ 31. Kh1 Rb7 32. Bh5 Qe6 33. Qd5 Qxd5 34.
exd5 Kg7 35. h3 Rd7 36. Bf3 f5 37. Rd1 Nf6 38. g4 e4 39. Bg2 fxg4 40. hxg4 Nxg4
41. Kg1 Ne3 42. Rd4 Rxd5 43. Rxd5 Nxd5 44. Bxe4 1/2-1/2

[Event "Titled Tue 27th May Early"]
[Site "chess.com INT"]
[Date "2025.05.27"]
[Round "4"]
[White "Angulo Perez, Sebastian"]
[Black "Tsyhanchuk, Stanislav"]
[Result "0-1"]
[WhiteTitle "CM"]
[BlackTitle "IM"]
[WhiteElo "2026"]
[BlackElo "2273"]
[WhiteFideId "6544045"]
[BlackFideId "13505130"]
[EventDate "2025.05.27"]

1. e4 c5 2. Nf3 Nc6 3. d4 cxd4 4. Nxd4 Nf6 5. Nc3 d6 6. Be3 Ng4 7. Qd2 Nxe3 8.
Qxe3 g6 9. Bb5 Bd7 10. O-O-O Bg7 11. Nb3 O-O 12. h4 h5 13. f3 Ne5 14. Bxd7 Qxd7
15. Kb1 Rac8 16. g4 Nc4 17. Qxa7 Nxb2 18. Kxb2 Bxc3+ 19. Kb1 Ra8 20. Qb6 Qa4 21.
Nc1 Ra5 22. Rd5 Rxd5 23. exd5 hxg4 24. fxg4 Qxg4 25. h5 g5 26. Qxb7 Bf6 27. h6
Qd4 28. h7+ Kh8 29. c4 Qe4+ 30. Nd3 Qxd3+ 31. Kc1 Qe3+ 32. Kc2 Qe4+ 33. Kb3 Qxh1
34. Qa6 Qb1+ 35. Ka3 Qb2+ 36. Ka4 Qxa2+ 37. Kb5 Rb8+ 38. Kc6 Qxa6+ 39. Kc7 Rb7+
40. Kd8 Qa8# 0-1

[Event "Titled Tue 27th May Early"]
[Site "chess.com INT"]
[Date "2025.05.27"]
[Round "4"]
[White "Mahdavi, Reza"]
[Black "Sturt, Raven"]
[Result "0-1"]
[WhiteTitle "IM"]
[BlackTitle "GM"]
[WhiteElo "2445"]
[BlackElo "2459"]
[WhiteFideId "12595926"]
[BlackFideId "2007304"]
[EventDate "2025.05.27"]

1. e4 e5 2. Nc3 Nc6 3. Bc4 d6 4. d3 Na5 5. Nge2 Nxc4 6. dxc4 Be6 7. Qd3 Nf6 8.
O-O Be7 9. h3 O-O 10. b3 Nd7 11. Ng3 Nc5 12. Qd1 a5 13. a4 Bg5 14. Qh5 Bxc1 15.
Raxc1 h6 16. f4 exf4 17. Rxf4 Qg5 18. Qf3 Rae8 19. Rf1 Qe5 20. Nd1 Nd7 21. Ne3
g5 22. Rf5 Bxf5 23. Nexf5 Re6 24. Qh5 Kh7 25. Rf3 Rg6 26. Rf2 g4 27. hxg4 Nf6
28. Qh4 Nxg4 29. Rf3 Qf6 30. Qh3 Qg5 31. Nh5 Re8 32. Nf4 Rxe4 33. Nxg6 Re1+ 34.
Rf1 Rxf1+ 35. Kxf1 Qxf5+ 0-1